[Event "Le Backgammon"]
[Site "Montreal CAN"]
[Date "1981.07.26"]
[Round "2"]
[White "Bernard, Marie"]
[Black "Bolduc, Steve"]
[Result "0-1"]
[WhiteElo "1776"]
[BlackElo "2011"]
[PlyCount "50"]
[GameId "2160767912849315"]
[EventDate "1981.07.26"]
[EventType "swiss"]
[EventRounds "5"]
[EventCountry "CAN"]
[SourceTitle "hb 2011"]

1. e4 e5 2. f4 exf4 3. Nf3 d5 4. exd5 Nf6 5. Bb5+ c6 6. dxc6 bxc6 7. Bc4 Bd6 8. Qe2+ Qe7 9. Qxe7+ Kxe7 10. O-O Be6 11. Re1 Kd7 12. Bb3 Na6 13. d4 Nb4 14. Nc3 Bxb3 15. axb3 Nxc2 16. Ne5+ Bxe5 17. dxe5 Nxe1 18. Bxf4 Nh5 19. Rd1+ Kc8 20. Be3 Nc2 21. Bc5 Re8 22. Ne4 Rxe5 23. Nd6+ Kc7 24. Nb5+ Kb7 25. Rd7+ Kc8 0-1

[Event "Le Backgammon"]
[Site "Montreal CAN"]
[Date "1981.07.27"]
[Round "3"]
[White "Bolduc, Steve"]
[Black "Alain, Benoit"]
[Result "1-0"]
[WhiteElo "1810"]
[BlackElo "1683"]
[PlyCount "100"]
[GameId "2160767912849317"]
[EventDate "1981.07.26"]
[EventType "swiss"]
[EventRounds "5"]
[EventCountry "CAN"]
[SourceTitle "hb 2011"]

1. e4 c5 2. g3 Nc6 3. Bg2 g6 4. d3 Bg7 5. c3 e5 6. Be3 b6 7. Ne2 Nge7 8. O-O O-O 9. Qc1 d5 10. Na3 Ba6 11. c4 dxc4 12. dxc4 Nd4 13. Bxd4 exd4 14. Nf4 Bb7 15. Nd5 f5 16. Qg5 Bxd5 17. exd5 f4 18. d6 Nf5 19. gxf4 Qxg5 20. fxg5 Rad8 21. Nb5 Nxd6 22. Bd5+ Kh8 23. Nc7 Rf5 24. Ne6 Re8 25. Rae1 Be5 26. f4 Bxf4 27. Nxf4 Rxe1 28. Rxe1 Rxf4 29. Re6 Nf7 30. Re8+ Kg7 31. Re7 Rf5 32. h4 d3 33. Rd7 d2 34. Be6 Rf4 35. Rxd2 Ne5 36. Rd8 Nf3+ 37. Kg2 Ne1+ 38. Kg3 Rf3+ 39. Kg4 h5+ 40. gxh6+ Kxh6 41. Bd5 Rf2 42. Rh8+ Kg7 43. Rg8+ Kh6 44. Be4 Rf6 45. Rd8 Re6 46. Kf4 a5 47. Rd1 Ng2+ 48. Bxg2 Re2 49. Bc6 Rxb2 50. a3 Rf2+ 1-0

[Event "Le Backgammon"]
[Site "Montreal CAN"]
[Date "1981.07.28"]
[Round "4"]
[White "Barre, Michel"]
[Black "Bolduc, Steve"]
[Result "1/2-1/2"]
[WhiteElo "1465"]
[BlackElo "1810"]
[PlyCount "64"]
[GameId "2160767912849320"]
[EventDate "1981.07.26"]
[EventType "swiss"]
[EventRounds "5"]
[EventCountry "CAN"]
[SourceTitle "hb 2011"]

1. d4 Nf6 2. c4 g6 3. Nc3 Bg7 4. e4 d6 5. f3 O-O 6. Be3 e5 7. Nge2 Nc6 8. d5 Ne7 9. Qd2 Nd7 10. g4 f5 11. gxf5 gxf5 12. Bh6 f4 13. Bxg7 Kxg7 14. Rg1+ Ng6 15. O-O-O a6 16. Kb1 Kh8 17. Nc1 Nf6 18. Qf2 Bd7 19. Nd3 b5 20. c5 Qb8 21. Ne2 c6 22. cxd6 cxd5 23. Rxg6 hxg6 24. Nxe5 g5 25. Nxd7 Nxd7 26. Rxd5 Nf6 27. Rxg5 Qxd6 28. Qh4+ Nh7 29. Rd5 Qc7 30. Bh3 Rad8 31. Nc3 Rxd5 32. Nxd5 Qd6 1/2-1/2

[Event "Le Backgammon"]
[Site "Montreal CAN"]
[Date "1981.07.29"]
[Round "5"]
[White "Bolduc, Steve"]
[Black "Aubertin, Andre"]
[Result "1-0"]
[WhiteElo "1810"]
[BlackElo "1491"]
[PlyCount "83"]
[GameId "2160767912849322"]
[EventDate "1981.07.26"]
[EventType "swiss"]
[EventRounds "5"]
[EventCountry "CAN"]
[SourceTitle "hb 2011"]

1. d4 f5 2. g3 Nf6 3. Bg2 e6 4. Nf3 Be7 5. O-O O-O 6. c4 d6 7. Nc3 Qe8 8. Re1 Qh5 9. e4 fxe4 10. Nxe4 Nxe4 11. Rxe4 Nc6 12. d5 exd5 13. Qxd5+ Qxd5 14. cxd5 Ne5 15. Nxe5 dxe5 16. Rxe5 Bd6 17. Re1 Bd7 18. Be3 Rae8 19. Bd4 Rxe1+ 20. Rxe1 a6 21. a3 Kf7 22. b4 g6 23. Bc5 Re8 24. Rxe8 Kxe8 25. Bxd6 cxd6 26. Be4 Kf7 27. f4 Kf6 28. Kf2 b5 29. Ke3 Bf5 30. Bxf5 Kxf5 31. Kf3 h6 32. g4+ Kf6 33. Ke4 g5 34. Kf3 Ke7 35. Kg3 Kf6 36. h4 Kg6 37. hxg5 hxg5 38. fxg5 Kxg5 39. Kf3 Kg6 40. Kf4 Kf6 41. g5+ Kg6 42. Kg4 1-0

[Event "Echephile 2"]
[Site "Montreal CAN"]
[Date "1981.07.18"]
[Round "1"]
[White "Finta, Robert"]
[Black "Bolduc, Steve"]
[Result "1-0"]
[WhiteElo "2084"]
[BlackElo "1810"]
[PlyCount "81"]
[GameId "2160767912849324"]
[EventDate "1981.07.18"]
[EventType "swiss"]
[EventRounds "4"]
[EventCountry "CAN"]
[SourceTitle "hb 2011"]

1. e4 e5 2. f4 exf4 3. Nf3 d5 4. exd5 Nf6 5. Bb5+ c6 6. dxc6 bxc6 7. Be2 Bd6 8. O-O O-O 9. d4 Nbd7 10. c4 Re8 11. Nc3 Nf8 12. Qc2 Ng6 13. Bd2 Bg4 14. Rad1 Rb8 15. Bc1 Qa5 16. a3 Qh5 17. Bd3 Nh4 18. Qf2 Nxf3+ 19. gxf3 Bh3 20. Rfe1 g5 21. Ne4 Rxe4 22. Bxe4 g4 23. Kh1 Rb3 24. Bxc6 gxf3 25. Rg1+ Bg2+ 26. Rxg2+ fxg2+ 27. Qxg2+ Rg3 28. Qd2 Ng4 29. Rg1 Rh3 30. Rxg4+ Qxg4 31. c5 Bc7 32. d5 Rh5 33. Qg2 Qxg2+ 34. Kxg2 f3+ 35. Kxf3 Rxh2 36. d6 Bd8 37. Be4 Rh3+ 38. Ke2 Rh5 39. c6 Rc5 40. Be3 Rb5 41. c7 1-0

[Event "Echephile 2"]
[Site "Montreal CAN"]
[Date "1981.07.18"]
[Round "2"]
[White "Bolduc, Steve"]
[Black "Trottier, Alain"]
[Result "0-1"]
[WhiteElo "1810"]
[BlackElo "1756"]
[PlyCount "54"]
[GameId "2160767912849325"]
[EventDate "1981.07.18"]
[EventType "swiss"]
[EventRounds "4"]
[EventCountry "CAN"]
[SourceTitle "hb 2011"]

1. e4 e5 2. Nf3 Nc6 3. Nc3 Nf6 4. d4 Bb4 5. d5 Ne7 6. Qd3 d6 7. a3 Bxc3+ 8. bxc3 O-O 9. Be2 Nd7 10. Ng5 Nc5 11. Qf3 f6 12. Nh3 f5 13. Ng5 fxe4 14. Qh5 Bf5 15. Bg4 Bg6 16. Qh3 Nf5 17. f3 exf3 18. O-O e4 19. gxf3 e3 20. Ne4 Qe7 21. Nxc5 dxc5 22. c4 Qe5 23. Rb1 Qd4 24. Bb2 Qxc4 25. Rfe1 Qxc2 26. Be5 Nd4 27. f4 Qf2+ 0-1

[Event "Echephile 2"]
[Site "Montreal CAN"]
[Date "1981.07.19"]
[Round "4"]
[White "Bolduc, Steve"]
[Black "Tremblay, Serge"]
[Result "1-0"]
[WhiteElo "1810"]
[BlackElo "1644"]
[PlyCount "51"]
[GameId "2160767912849326"]
[EventDate "1981.07.18"]
[EventType "swiss"]
[EventRounds "4"]
[EventCountry "CAN"]
[SourceTitle "hb 2011"]

1. e4 c5 2. Nf3 e6 3. d4 cxd4 4. Nxd4 Nc6 5. Nc3 a6 6. Be2 Qc7 7. O-O Nf6 8. Be3 Be7 9. Kh1 d6 10. f4 Bd7 11. a4 O-O 12. g4 Nxd4 13. Bxd4 Bc6 14. Bf3 Rfe8 15. g5 Nd7 16. Be3 Bf8 17. Bg2 g6 18. Qg4 Bg7 19. Bd2 Rad8 20. Rae1 b6 21. f5 exf5 22. exf5 Bxg2+ 23. Qxg2 gxf5 24. Nd5 Qb8 25. Nf6+ Kh8 26. Rxe8+ 1-0

[Event "Estival"]
[Site "Montreal CAN"]
[Date "1981.06.27"]
[Round "1"]
[White "Bolduc, Steve"]
[Black "Marchand, Jacques"]
[Result "1-0"]
[WhiteElo "1810"]
[BlackElo "2047"]
[PlyCount "97"]
[GameId "2160767912849368"]
[EventDate "1981.06.27"]
[EventType "swiss"]
[EventRounds "4"]
[EventCountry "CAN"]
[SourceTitle "hb 2011"]

1. e4 e5 2. Nf3 Nc6 3. Nc3 g6 4. d4 exd4 5. Nxd4 Bg7 6. Be3 d6 7. Bb5 Bd7 8. O-O Nf6 9. h3 O-O 10. f4 Nxd4 11. Bxd4 Bxb5 12. Nxb5 Nxe4 13. Bxg7 Kxg7 14. Qd4+ Nf6 15. f5 a6 16. Nc3 c5 17. Qh4 d5 18. Rae1 Qd6 19. Rf3 h6 20. fxg6 fxg6 21. Ref1 g5 22. Qf2 d4 23. Ne4 Nxe4 24. Rf7+ Rxf7 25. Qxf7+ Kh8 26. Qxb7 Re8 27. Rf7 Nf6 28. Qf3 Rf8 29. Ra7 Nd5 30. Qe4 Nc7 31. Qb7 Rf7 32. Ra8+ Kg7 33. Rc8 Ne6 34. Qa8 Rf8 35. Qb7+ Kg8 36. Rc6 Nd8 37. Rxd6 Nxb7 38. Rxh6 Kg7 39. Rxa6 Rc8 40. Kf2 Nd8 41. a4 Rc6 42. Ra8 Ne6 43. a5 Nc7 44. Rc8 Kf7 45. a6 Ke7 46. a7 Rf6+ 47. Ke2 Na8 48. Rxa8 Ra6 49. Rh8 1-0

[Event "Estival"]
[Site "Montreal CAN"]
[Date "1981.06.27"]
[Round "2"]
[White "Bolduc, Steve"]
[Black "Finta, Robert"]
[Result "0-1"]
[WhiteElo "1810"]
[BlackElo "2084"]
[PlyCount "114"]
[GameId "2160767912849369"]
[EventDate "1981.06.27"]
[EventType "swiss"]
[EventRounds "4"]
[EventCountry "CAN"]
[SourceTitle "hb 2011"]

1. e4 c5 2. Nf3 Nc6 3. d4 cxd4 4. Nxd4 Nf6 5. Nc3 d6 6. Be2 e5 7. Nb3 Be7 8. Bg5 Be6 9. Bxf6 Bxf6 10. O-O O-O 11. Nd5 Bg5 12. Bc4 Rc8 13. Qe2 a5 14. c3 a4 15. Nd2 Na5 16. Bb5 Bxd5 17. exd5 a3 18. b4 Bxd2 19. Qxd2 Nc4 20. Qe2 Qc7 21. Rac1 f5 22. Kh1 f4 23. Rfd1 Rf6 24. Rd3 Rcf8 25. Rh3 Nb6 26. Qe4 g6 27. c4 Nc8 28. c5 f3 29. Rxf3 Rxf3 30. gxf3 Ne7 31. Qe3 Nf5 32. cxd6 Qxd6 33. Qc5 Qf6 34. Bf1 Nd4 35. d6 Qxf3+ 36. Bg2 Qf5 37. Qd5+ Kg7 38. Qxb7+ Kh6 39. Qe7 Nf3 40. Qb7 Qf4 41. Bxf3 Qxc1+ 42. Kg2 Qg5+ 43. Kf1 Rf4 44. d7 Qf6 45. Qa8 Rd4 46. Qxa3 Rxd7 47. b5 Kg7 48. Qc3 Rf7 49. Ke2 Qe6 50. a4 Qa2+ 51. Kf1 Rf5 52. a5 Qb1+ 53. Kg2 Rg5+ 54. Kh3 Qxb5 55. Qa3 Qd7+ 56. Kh4 h5 57. a6 Rg4+ 0-1

[Event "Estival"]
[Site "Montreal CAN"]
[Date "1981.06.28"]
[Round "3"]
[White "Meloche, Jacques"]
[Black "Bolduc, Steve"]
[Result "0-1"]
[WhiteElo "1581"]
[BlackElo "1810"]
[PlyCount "80"]
[GameId "2160767912849370"]
[EventDate "1981.06.27"]
[EventType "swiss"]
[EventRounds "4"]
[EventCountry "CAN"]
[SourceTitle "hb 2011"]

1. e4 c5 2. Nf3 d6 3. d4 cxd4 4. Nxd4 Nf6 5. Nc3 g6 6. Bg5 Bg7 7. Qd2 Nc6 8. O-O-O h6 9. Be3 Nxd4 10. Bxd4 O-O 11. f4 Qa5 12. Bxf6 Bxf6 13. Nd5 Qxa2 14. Nxf6+ exf6 15. Qxd6 Bg4 16. Re1 Qa1+ 17. Kd2 Qxb2 18. Bd3 Rfd8 19. Rb1 Rxd6 20. Rxb2 Bc8 21. Rhb1 a6 22. Rb6 Rxb6 23. Rxb6 a5 24. Rxf6 Be6 25. e5 a4 26. Kc1 a3 27. Kb1 Ra4 28. Bxg6 Rb4+ 29. Ka1 a2 30. c3 Rc4 31. Kb2 Rxc3 32. Bf5 Rc1 33. Rg6+ Kf8 34. Kxc1 a1=Q+ 35. Kd2 Qb2+ 36. Ke3 Qc3+ 37. Kf2 Qd2+ 38. Kg3 Qe3+ 39. Kg4 Bxf5+ 40. Kxf5 fxg6+ 0-1

[Event "Estival"]
[Site "Montreal CAN"]
[Date "1981.06.28"]
[Round "4"]
[White "Roy, Guy"]
[Black "Bolduc, Steve"]
[Result "1-0"]
[WhiteElo "1942"]
[BlackElo "1810"]
[PlyCount "97"]
[GameId "2160767912849371"]
[EventDate "1981.06.27"]
[EventType "swiss"]
[EventRounds "4"]
[EventCountry "CAN"]
[SourceTitle "hb 2011"]

1. e4 e5 2. Nf3 d6 3. Bc4 Be7 4. O-O Nf6 5. Re1 O-O 6. d4 Nbd7 7. c3 c6 8. Qb3 b5 9. Bd3 a6 10. Bg5 Qc7 11. Nh4 c5 12. Nf5 Bd8 13. Qd1 c4 14. Bc2 d5 15. exd5 Nxd5 16. Bxd8 Rxd8 17. Qg4 g6 18. Qg3 Re8 19. Nd2 N7f6 20. dxe5 Nh5 21. Nh6+ Kg7 22. Qf3 Bb7 23. Nf5+ Kg8 24. Nd6 Rxe5 25. Rxe5 Qxd6 26. Rxh5 gxh5 27. Qxh5 Nf6 28. Qg5+ Kh8 29. Qf5 Rg8 30. Ne4 Bxe4 31. Bxe4 Nxe4 32. Qxe4 Rd8 33. Re1 Qd2 34. h3 Rd6 35. Re3 Re6 36. Qa8+ Kg7 37. Rxe6 Qc1+ 38. Kh2 Qf4+ 39. g3 Qxf2+ 40. Qg2 Qxg2+ 41. Kxg2 fxe6 42. Kf3 Kf6 43. Ke4 e5 44. g4 Ke6 45. g5 a5 46. a3 Kd6 47. h4 Ke6 48. h5 b4 49. a4 1-0

[Event "Echephile 1"]
[Site "Montreal CAN"]
[Date "1981.06.13"]
[Round "1"]
[White "Bolduc, Steve"]
[Black "Robillard, Jean"]
[Result "0-1"]
[WhiteElo "1821"]
[BlackElo "2016"]
[PlyCount "48"]
[GameId "2160767912849385"]
[EventDate "1981.06.13"]
[EventType "swiss"]
[EventRounds "4"]
[EventCountry "CAN"]
[SourceTitle "hb 2011"]

1. e4 c5 2. Nf3 Nc6 3. d4 cxd4 4. Nxd4 Nf6 5. Nc3 e6 6. Be3 Bb4 7. Bd3 d5 8. O-O Bxc3 9. bxc3 dxe4 10. Bb5 Qc7 11. f4 O-O 12. Bxc6 bxc6 13. f5 Nd5 14. f6 Nxe3 15. Qd2 Ng4 16. Rf4 e3 17. fxg7 Qxf4 18. gxf8=Q+ Kxf8 19. Qd3 Qxh2+ 20. Kf1 Qh1+ 21. Ke2 Qxg2+ 22. Ke1 Qf2+ 23. Kd1 Ba6 24. Nxe6+ Kg8 0-1

[Event "Echephile 1"]
[Site "Montreal CAN"]
[Date "1981.06.13"]
[Round "2"]
[White "Finta, Robert"]
[Black "Bolduc, Steve"]
[Result "1-0"]
[WhiteElo "2097"]
[BlackElo "1821"]
[PlyCount "42"]
[GameId "2160767912849386"]
[EventDate "1981.06.13"]
[EventType "swiss"]
[EventRounds "4"]
[EventCountry "CAN"]
[SourceTitle "hb 2011"]

1. e4 e5 2. Nf3 d6 3. d4 Nf6 4. Nc3 Nbd7 5. Bc4 Be7 6. O-O c6 7. a4 O-O 8. Qe2 Qe8 9. b3 Bd8 10. dxe5 Nxe5 11. Nxe5 Qxe5 12. Bb2 Ng4 13. g3 Qh5 14. h4 g5 15. Kg2 gxh4 16. Rh1 h3+ 17. Kf1 Bb6 18. Nd1 Re8 19. Qd2 h2 20. Be2 Qh3+ 21. Ke1 Qg2 1-0

[Event "Echephile 1"]
[Site "Montreal CAN"]
[Date "1981.06.14"]
[Round "3"]
[White "Bouthillier, Serge"]
[Black "Bolduc, Steve"]
[Result "1-0"]
[WhiteElo "1900"]
[BlackElo "1821"]
[PlyCount "87"]
[GameId "2160767912849387"]
[EventDate "1981.06.13"]
[EventType "swiss"]
[EventRounds "4"]
[EventCountry "CAN"]
[SourceTitle "hb 2011"]

1. e4 e5 2. Nf3 d6 3. d4 Nf6 4. Bg5 Nbd7 5. dxe5 dxe5 6. Bc4 Be7 7. Bxf6 Bxf6 8. O-O O-O 9. Qe2 c6 10. a4 Qc7 11. Rd1 Nc5 12. Qe3 Ne6 13. Nc3 Nd4 14. Ne1 Qe7 15. Ne2 Be6 16. Bxe6 Nxe6 17. Nd3 Rfd8 18. f3 Nd4 19. Nxd4 exd4 20. Qf2 c5 21. b3 Qc7 22. Qg3 Qxg3 23. hxg3 Rac8 24. Nf4 d3 25. cxd3 Bxa1 26. Rxa1 Rd4 27. Kf2 Kf8 28. Ke2 Rc6 29. Nd5 Rg6 30. Rh1 h6 31. g4 f5 32. Nf4 Rb6 33. gxf5 Kf7 34. Rc1 Rxb3 35. Rxc5 Rxa4 36. Rc7+ Kf6 37. Nd5+ Ke5 38. Ke3 Raa3 39. Nf4 Kf6 40. Nd5+ Ke5 41. Nf4 Kf6 42. Rd7 b5 43. Nd5+ Ke5 44. f4# 1-0

[Event "Echephile 1"]
[Site "Montreal CAN"]
[Date "1981.06.14"]
[Round "4"]
[White "Bolduc, Steve"]
[Black "Desforges, Jean"]
[Result "1-0"]
[WhiteElo "1821"]
[BlackElo "1901"]
[PlyCount "100"]
[GameId "2160767912849388"]
[EventDate "1981.06.13"]
[EventType "swiss"]
[EventRounds "4"]
[EventCountry "CAN"]
[SourceTitle "hb 2011"]

1. e4 Nf6 2. e5 Nd5 3. Nc3 Nxc3 4. dxc3 g6 5. Bf4 Bg7 6. Qd2 Nc6 7. Bc4 d6 8. exd6 cxd6 9. O-O-O Ne5 10. Be2 Be6 11. a3 Nc4 12. Bxc4 Bxc4 13. Nf3 Qc7 14. Rhe1 O-O-O 15. Bh6 Bf6 16. Bg5 Bxg5 17. Qxg5 f6 18. Qe3 e5 19. Qxa7 Qc5 20. Qxc5+ dxc5 21. Nd2 Bd5 22. f3 Kc7 23. Ne4 Bxe4 24. Rxe4 Rxd1+ 25. Kxd1 Rd8+ 26. Ke2 Kd6 27. Ra4 b6 28. Ra7 h5 29. h4 Rg8 30. Rf7 f5 31. Rf6+ Kc7 32. Re6 g5 33. Rxe5 gxh4 34. Kf2 Rd8 35. Re2 f4 36. Kg1 Rd1+ 37. Kh2 Rb1 38. b3 b5 39. c4 bxc4 40. bxc4 Ra1 41. Re4 h3 42. gxh3 Rxa3 43. Rxf4 Rc3 44. Kg3 Rxc2 45. Kh4 Rd2 46. Kxh5 Rd4 47. Re4 Rd1 48. Kg5 Rg1+ 49. Rg4 Rf1 50. Kf4 Kd6 1-0

[Event "Printanier/Spring op"]
[Site "Montreal CAN"]
[Date "1981.05.16"]
[Round "1"]
[White "Bolduc, Steve"]
[Black "Alarma, Jean"]
[Result "1-0"]
[WhiteElo "1860"]
[BlackElo "1567"]
[PlyCount "57"]
[GameId "2160767912845424"]
[EventDate "1981.05.16"]
[EventType "swiss"]
[EventRounds "6"]
[EventCountry "CAN"]
[SourceTitle "hb 2011"]

1. e4 g6 2. d4 Bg7 3. c4 d6 4. Nc3 Nf6 5. f3 O-O 6. Be3 e5 7. d5 Nbd7 8. Bd3 Nh5 9. Qd2 Nb6 10. g4 Nf4 11. Bxf4 exf4 12. Qxf4 Qh4+ 13. Qg3 Qg5 14. Qf2 Bd7 15. h4 Qe7 16. Nge2 c5 17. O-O-O a5 18. h5 Ba4 19. Rdg1 Be8 20. hxg6 fxg6 21. Rh3 Nd7 22. f4 g5 23. e5 Bg6 24. Bxg6 hxg6 25. e6 Ne5 26. Qh2 Rxf4 27. Nxf4 gxf4 28. Rh1 Qf6 29. Ne4 1-0

[Event "Printanier/Spring op"]
[Site "Montreal CAN"]
[Date "1981.05.16"]
[Round "2"]
[White "Dupuis, Claude"]
[Black "Bolduc, Steve"]
[Result "1-0"]
[WhiteElo "1996"]
[BlackElo "1860"]
[PlyCount "70"]
[GameId "2160767912845426"]
[EventDate "1981.05.16"]
[EventType "swiss"]
[EventRounds "6"]
[EventCountry "CAN"]
[SourceTitle "hb 2011"]

1. e4 e5 2. Nf3 d6 3. d4 Nf6 4. Nc3 Nbd7 5. Bc4 Be7 6. O-O O-O 7. Re1 c6 8. a4 h6 9. h3 Nh7 10. dxe5 Nxe5 11. Nxe5 dxe5 12. Qf3 Ng5 13. Qg3 Kh8 14. h4 Ne6 15. Qxe5 Bxh4 16. g3 Bf6 17. Qh5 Ng5 18. Be3 Qa5 19. Bxg5 Bxg5 20. Bxf7 Qc7 21. Bc4 Bd7 22. e5 Be8 23. Qg4 Bd2 24. Re2 h5 25. Qh4 Bh6 26. Rd1 g5 27. Qd4 Bg6 28. e6+ Bg7 29. Qd7 Qxd7 30. Rxd7 Rad8 31. Rxb7 Bxc3 32. bxc3 Rd1+ 33. Kg2 h4 34. Bd3 Bh5 35. Rh7+ Kg8 1-0

[Event "Printanier/Spring op"]
[Site "Montreal CAN"]
[Date "1981.05.17"]
[Round "3"]
[White "Bolduc, Steve"]
[Black "Sauve, Laurent"]
[Result "1-0"]
[WhiteElo "1860"]
[BlackElo "1697"]
[PlyCount "58"]
[GameId "2160767912845428"]
[EventDate "1981.05.16"]
[EventType "swiss"]
[EventRounds "6"]
[EventCountry "CAN"]
[SourceTitle "hb 2011"]

1. e4 e6 2. d4 d5 3. Nc3 Bb4 4. e5 c5 5. a3 Bxc3+ 6. bxc3 Ne7 7. Nf3 Nbc6 8. Bd3 Qa5 9. Bd2 c4 10. Be2 Qa4 11. Qb1 b6 12. O-O Bd7 13. Qb2 f5 14. Rfb1 h6 15. Nh4 O-O-O 16. Qc1 g5 17. Nf3 Ng6 18. Bd1 Rdg8 19. Rb4 Qa6 20. Rb2 Qa4 21. Rb4 Nxb4 22. axb4 Qc6 23. Rxa7 Kb8 24. Qa3 b5 25. Ra6 Qb7 26. Qa5 Ne7 27. Rb6 Rc8 28. Qa6 Bc6 29. Rxb7+ Bxb7 1-0

[Event "Printanier/Spring op"]
[Site "Montreal CAN"]
[Date "1981.05.18"]
[Round "5"]
[White "Borne, Robert"]
[Black "Bolduc, Steve"]
[Result "0-1"]
[WhiteElo "1567"]
[BlackElo "1860"]
[PlyCount "38"]
[GameId "2160767912845430"]
[EventDate "1981.05.16"]
[EventType "swiss"]
[EventRounds "6"]
[EventCountry "CAN"]
[SourceTitle "hb 2011"]

1. c4 Nf6 2. Nc3 g6 3. Nf3 Bg7 4. d4 d6 5. e4 O-O 6. Be2 e5 7. d5 Nbd7 8. O-O Nc5 9. Qc2 a5 10. b3 Nh5 11. Be3 f5 12. Bxc5 dxc5 13. Rad1 Nf4 14. Rfe1 g5 15. h3 g4 16. hxg4 fxg4 17. Nh2 Qh4 18. g3 Nh3+ 19. Kg2 Rxf2+ 0-1

[Event "Printanier/Spring op"]
[Site "Montreal CAN"]
[Date "1981.05.18"]
[Round "6"]
[White "Fournier, Rene"]
[Black "Bolduc, Steve"]
[Result "0-1"]
[WhiteElo "1525"]
[BlackElo "1860"]
[PlyCount "62"]
[GameId "2160767912845431"]
[EventDate "1981.05.16"]
[EventType "swiss"]
[EventRounds "6"]
[EventCountry "CAN"]
[SourceTitle "hb 2011"]

1. e4 e5 2. Nf3 d6 3. d4 Nf6 4. Nc3 Nbd7 5. Bc4 Be7 6. Bg5 c6 7. O-O O-O 8. Re1 b5 9. Bb3 Qb6 10. Be3 Qb8 11. Bg5 h6 12. Bxf6 Bxf6 13. Ne2 Rd8 14. Ng3 exd4 15. Nf5 c5 16. c3 c4 17. Bc2 d3 18. Bb1 Nc5 19. N5d4 Bb7 20. Nxb5 Bxe4 21. Nbd4 Qxb2 22. Qd2 Qxd2 23. Nxd2 Bd5 24. a3 Ne6 25. Ba2 Nxd4 26. cxd4 Bxd4 27. Bxc4 Bxc4 28. Nxc4 Bxa1 29. Rxa1 Rac8 30. Nd2 Rc2 31. f4 Rxd2 0-1

[Event "Paques/Easter op"]
[Site "Montreal CAN"]
[Date "1981.04.17"]
[Round "1"]
[White "Wood, Anthony"]
[Black "Bolduc, Steve"]
[Result "0-1"]
[WhiteElo "1626"]
[BlackElo "1895"]
[PlyCount "70"]
[GameId "2160767912845481"]
[EventDate "1981.04.17"]
[EventType "swiss"]
[EventRounds "6"]
[EventCountry "CAN"]
[SourceTitle "hb 2011"]

1. e4 c5 2. Nf3 d6 3. d4 cxd4 4. Nxd4 Nf6 5. Nc3 g6 6. Be2 Bg7 7. O-O O-O 8. Be3 Bd7 9. f4 Nc6 10. Bf3 Na5 11. Qe2 Rc8 12. e5 Ne8 13. Rad1 Nc4 14. Bd5 Nxe3 15. Qxe3 e6 16. Bxb7 Rc7 17. Ba6 Qb8 18. Nb3 d5 19. Rf3 Bh6 20. Bd3 a5 21. Rh3 Bg7 22. Rf1 a4 23. Nd4 Qxb2 24. Qf2 Rxc3 25. Qh4 h6 26. Nf3 Rxd3 27. cxd3 Nc7 28. g4 Rc8 29. f5 exf5 30. gxf5 Bxf5 31. Rg3 d4 32. Nxd4 g5 33. Rxg5 hxg5 34. Qh5 Qxd4+ 35. Rf2 Qg4+ 0-1

[Event "Paques/Easter op"]
[Site "Montreal CAN"]
[Date "1981.04.17"]
[Round "2"]
[White "Bolduc, Steve"]
[Black "Spraggett, Kevin"]
[Result "0-1"]
[WhiteElo "1895"]
[BlackElo "2532"]
[PlyCount "68"]
[GameId "2160767912845482"]
[EventDate "1981.04.17"]
[EventType "swiss"]
[EventRounds "6"]
[EventCountry "CAN"]
[SourceTitle "hb 2011"]

1. d4 Nf6 2. c4 e6 3. Nc3 Bb4 4. Nf3 c5 5. Bg5 h6 6. Bh4 Qa5 7. Bxf6 Bxc3+ 8. bxc3 Qxc3+ 9. Nd2 gxf6 10. e3 cxd4 11. Rc1 Qa3 12. exd4 Nc6 13. Nb3 Qb4+ 14. Qd2 Qxd2+ 15. Kxd2 b6 16. Be2 Bb7 17. Bf3 Rc8 18. Rhe1 Ba6 19. a3 Rg8 20. c5 Kd8 21. Re4 Ne7 22. Rf4 Ng6 23. Rg4 d5 24. Rg3 Bc4 25. Be2 Bxe2 26. Kxe2 e5 27. Ke3 Kd7 28. Rh3 Ne7 29. c6+ Kc7 30. g3 Rg6 31. Rh5 Kd6 32. c7 Nc6 33. h4 Rxc7 34. Rf5 Nxd4 0-1

[Event "Paques/Easter op"]
[Site "Montreal CAN"]
[Date "1981.04.18"]
[Round "3"]
[White "Lake, Tim"]
[Black "Bolduc, Steve"]
[Result "1-0"]
[WhiteElo "1724"]
[BlackElo "1895"]
[PlyCount "103"]
[GameId "2160767912845484"]
[EventDate "1981.04.17"]
[EventType "swiss"]
[EventRounds "6"]
[EventCountry "CAN"]
[SourceTitle "hb 2011"]

1. d4 Nf6 2. c4 g6 3. Nc3 Bg7 4. e4 d6 5. h3 O-O 6. Nf3 e5 7. Bg5 Nbd7 8. Qd2 c6 9. dxe5 dxe5 10. Bd3 Nc5 11. Bc2 Qc7 12. O-O Be6 13. b3 a5 14. Qe3 b6 15. Bh6 Nh5 16. Bxg7 Kxg7 17. Ne2 h6 18. Rac1 Nf6 19. g4 Rae8 20. Ng3 Rh8 21. Kg2 Bc8 22. a3 Ne6 23. Ne2 g5 24. Rh1 Nf4+ 25. Nxf4 gxf4 26. Qe2 Qe7 27. Rcg1 Reg8 28. Kf1 Kf8 29. a4 Nh7 30. Qd3 Ng5 31. Nxg5 hxg5 32. f3 Kg7 33. Kg2 Rd8 34. Qc3 Rd4 35. Rd1 Rhd8 36. Rxd4 exd4 37. Qe1 Qa3 38. Qd2 d3 39. Qc3+ f6 40. Bxd3 Rxd3 41. Qxd3 Qb2+ 42. Kg1 Qc1+ 43. Kh2 Qb2+ 44. Kg1 Qc1+ 45. Qf1 Qe3+ 46. Kg2 Qxb3 47. Qe2 Be6 48. Rc1 Qxa4 49. e5 Qa3 50. exf6+ Kxf6 51. Re1 Qe3 52. Qb2+ 1-0

[Event "Paques/Easter op"]
[Site "Montreal CAN"]
[Date "1981.04.18"]
[Round "4"]
[White "Bolduc, Steve"]
[Black "Stockhausen, Peter"]
[Result "1-0"]
[WhiteElo "1895"]
[BlackElo "1479"]
[PlyCount "64"]
[GameId "2160767912845486"]
[EventDate "1981.04.17"]
[EventType "swiss"]
[EventRounds "6"]
[EventCountry "CAN"]
[SourceTitle "hb 2011"]

1. d4 Nf6 2. c4 g6 3. Nc3 Bg7 4. e4 d6 5. f3 O-O 6. Be3 Nbd7 7. Bd3 e5 8. d5 c6 9. Nge2 Nb6 10. O-O Bd7 11. b4 cxd5 12. cxd5 Rc8 13. Qb3 Ne8 14. a4 Ra8 15. a5 Nc8 16. Rfc1 f5 17. Na4 f4 18. Bf2 Qg5 19. Kh1 h5 20. Nc5 Nf6 21. Nxd7 Nxd7 22. Rc7 Nf6 23. Rac1 h4 24. Rxb7 h3 25. gxh3 Nh5 26. Rcc7 Qf6 27. Qd1 g5 28. Qg1 Kh7 29. Qg4 Kh6 30. Bb5 Rh8 31. Nc3 Bf8 32. Be8 Ng7 1-0

[Event "Paques/Easter op"]
[Site "Montreal CAN"]
[Date "1981.04.19"]
[Round "5"]
[White "Moshopoulos, Angelos"]
[Black "Bolduc, Steve"]
[Result "1-0"]
[WhiteElo "1745"]
[BlackElo "1895"]
[PlyCount "81"]
[GameId "2160767912845488"]
[EventDate "1981.04.17"]
[EventType "swiss"]
[EventRounds "6"]
[EventCountry "CAN"]
[SourceTitle "hb 2011"]

1. e4 c6 2. d4 d5 3. Nd2 Qb6 4. c3 Nf6 5. e5 Nfd7 6. Ngf3 e6 7. Bd3 Be7 8. O-O c5 9. Re1 Nc6 10. h3 cxd4 11. cxd4 Nb4 12. Bb1 Qd8 13. a3 Nc6 14. b4 Nb6 15. Bd3 Bd7 16. Nb3 a5 17. b5 Na7 18. a4 Nc4 19. Bxc4 dxc4 20. Nc5 b6 21. Ne4 O-O 22. Ba3 Bb4 23. Re3 Nc8 24. Nfg5 Be8 25. Nxh7 f5 26. Nxf8 Kxf8 27. Qf3 Qxd4 28. Rd1 Qxe5 29. Ng5 Qb8 30. Nxe6+ Ke7 31. Ng5+ Kf6 32. Nh7+ Kg6 33. Nf8+ Bxf8 34. Bxf8 Bf7 35. g4 f4 36. Qe4+ Kg5 37. Qf5+ Kh4 38. Qh7+ Kg5 39. Qxg7+ Bg6 40. Re5+ Kh4 41. Qh6+ 1-0